Implementácia rádiofrekvenčnej identifikácie v distribučných centrách

Využívanie RFID - rádiofrekvenčnej identifikácie pri skladových operáciách. Bariéry v implementácii technológie RFID v distribučných centrách. Koexistencia technológie RFID a čiarových kódov. Potenciálne scenáre pri kooperácii RFID a čiarových kódov.

Salvato in:
Dettagli Bibliografici
Autore principale: Dudek, Slavomír
Natura: Capitolo di libro
Lingua:slovacco
Soggetti:
Tags: Aggiungi Tag
Nessun Tag, puoi essere il primo ad aggiungerne!!

MARC

LEADER 00000naa$a2200000$$$4500
001 0108292
005 20240502072208.2
041 0 |a slo 
044 |a SK 
245 1 0 |a Implementácia rádiofrekvenčnej identifikácie v distribučných centrách  |c Slavomír Dudek 
520 |a Využívanie RFID - rádiofrekvenčnej identifikácie pri skladových operáciách. Bariéry v implementácii technológie RFID v distribučných centrách. Koexistencia technológie RFID a čiarových kódov. Potenciálne scenáre pri kooperácii RFID a čiarových kódov. 
610 2 0 |a distribúcia 
610 2 0 |a sklady 
610 2 0 |a technológie nové 
610 2 0 |a kódy čiarové 
610 2 0 |a tovar 
610 2 0 |a materiál 
610 2 0 |a reťazce distribučné 
610 2 0 |a reťazce dodávateľsko-odberateľské 
100 1 |a Dudek, Slavomír